Networking foundations / (Record no. 133205)

MARC details
000 -LEADER
fixed length control field 00838nam a22002657a 4500
003 - CONTROL NUMBER IDENTIFIER
control field dpl
005 - DATE AND TIME OF LATEST TRANSACTION
control field 20181103171117.0
008 - FIXED-LENGTH DATA ELEMENTS--GENERAL INFORMATION
fixed length control field 181103b ||||| |||| 00| 0 eng d
010 ## - LIBRARY OF CONGRESS CONTROL NUMBER
LC control number B-163993,B-164005
020 ## - INTERNATIONAL STANDARD BOOK NUMBER
Terms of availability 150.00
International Standard Book Number 8176569925
035 ## - SYSTEM CONTROL NUMBER
System control number B-163993,B-164005
037 ## - SOURCE OF ACQUISITION
Source of stock number/acquisition Cen Lib/Ret
040 ## - CATALOGING SOURCE
Original cataloging agency DPL
Language of cataloging EN
Transcribing agency 0
082 ## - DEWEY DECIMAL CLASSIFICATION NUMBER
Classification number 004.65
Item number CIC
100 ## - MAIN ENTRY--PERSONAL NAME
Personal name Ciccarelli, Patrick
9 (RLIN) 37165
245 ## - TITLE STATEMENT
Title Networking foundations /
Statement of responsibility, etc by Patrick Ciccarelli [and] Christina Faulkner
260 ## - PUBLICATION, DISTRIBUTION, ETC. (IMPRINT)
Place of publication, distribution, etc New Delhi
Name of publisher, distributor, etc BPB Publications
Date of publication, distribution, etc 2006
270 ## - ADDRESS
City New Delhi
Postal code 110001
Address B-14, Cannaught Place
300 ## - PHYSICAL DESCRIPTION
Extent xv,351p. :
Dimensions 24cm(Hb)
Other physical details ill.
500 ## - GENERAL NOTE
General note Includes index
650 ## - SUBJECT ADDED ENTRY--TOPICAL TERM
Topical term or geographic name as entry element Computer networks
9 (RLIN) 8333
650 ## - SUBJECT ADDED ENTRY--TOPICAL TERM
Topical term or geographic name as entry element Telecommunication
9 (RLIN) 107652
700 ## - ADDED ENTRY--PERSONAL NAME
Personal name Faulkner, Christina
9 (RLIN) 37167
942 ## - ADDED ENTRY ELEMENTS (KOHA)
Source of classification or shelving scheme Dewey Decimal Classification
Koha item type English Books
Classification part 004.65
Call number suffix CIC
Holdings
Withdrawn status Lost status Damaged status Not for loan Home library Current library Date acquired Source of acquisition Cost, normal purchase price Total Checkouts Full call number Barcode Date last seen Copy number Cost, replacement price Price effective from Koha item type Source of classification or shelving scheme Collection code
        Central Library Central Library 24/07/2015 Cen Lib/Ret 150.00   004.65 CIC B-163993 24/07/2015 1 150.00 24/07/2015 English Books    
        Yojana Vihar Yojana Vihar 26/10/2018 BPPD/PUB 150.00   004.65 CIC B-164005 26/10/2018   150.00 26/10/2018 English Books Dewey Decimal Classification Non-fiction

© Delhi Public Library
Hit Counter
free hit counter